000 01786nam0a2200349 4500
001 RU\NLR\bibl\1864393
005 20260510063839.0
010 _a978-5-9675-0579-9
_91200
021 _aRU
_b2011-105622
_97564
035 _a(NLR Aleph) 001854276
090 _a2444379
_c2444379
100 _a20120203d2011 |||y0rusy50 ca
101 0 _arus
102 _aRU
105 _ay |||||||||
200 1 _aОптимизация рационов кормления высокопродуктивных молочных коров
_eметодическое пособие
_fМ-во сел. хоз-ва Рос. Федерации, Рос. гос. аграр. ун-т МСХА им. К.А. Тимирязева
_g[сост.: Кузнецов Сергей Григорьевич и др.]
210 _aМосква
_cИзд-во РГАУ-МСХА
_d2011
215 _a54 с.
_d29
606 1 _aКоровы
_jМетодические пособия
_xМолочная продуктивность
_xВлияние рационов
_92340030
_3RU\NLR\AUTH\6601622349
606 _aКоровы
_xКормление
_xРационы
_jМетодические пособия
_3RU\NLR\auth\661573906
_92100289
686 _aП60-455.4я8
686 _aП60-611я8
702 1 _4220
_8rus
_7ca
_aКузнецов
_bС. Г.
_cд-р биол. наук
_gСергей Григорьевич
_3RU\NLR\auth\7740960
_923911
712 0 2 _4570
_aРоссийский государственный аграрный университет - МСХА им. К. А. Тимирязева
_3RU\NLR\AUTH\8810075940
_9653984
801 0 _aRU
_bNLR
_c20120203
_gRCR
801 1 _aRU
_bNLR
_c20120203
830 _aсост. по базе
942 _cBOOK
980 _aNB
980 _aNBR